| 000 | 00709nam a22001817a 4500 | ||
|---|---|---|---|
| 999 |
_c11388 _d11388 |
||
| 003 | AR-CdUCM | ||
| 008 | 190403b ||||| |||| 00| 0 spa d | ||
| 040 |
_aMUNICIPALIDAD PROVINCIAL DEL CUSCO _cBIBLIOTECA MUNICIPAL DEL CUSCO |
||
| 082 |
_aES /376 / _bM61 |
||
| 110 |
_aMinisterio de Educación _97325 |
||
| 245 |
_aTele saber : _bSaber conocer, saber hacer, saber ser, saber vivir juntos / |
||
| 260 |
_aPeru : _bEditora Perú, |
||
| 300 |
_a232 paginas _c30 cm. |
||
| 505 | _aContenido :Comunicación -- Matemática -- Ciencias sociales -- Ciencia, tecnología y ambiente -- Educación religiosa -- Educación física ... | ||
| 650 |
_aEducación secundaria _94648 |
||
| 942 |
_2ddc _cLIBROS |
||
| 945 | _arum | ||